|
|
|
|
| LEADER |
01838cas a2200241 a 4500 |
| 001 |
AALejournalIMF018611 |
| 008 |
230101c9999 xx r poo 0 0eng d |
| 020 |
|
|
|c 5.00 USD
|
| 020 |
|
|
|z 9781484364048
|
| 022 |
|
|
|a 1934-7685
|
| 040 |
|
|
|a BD-DhAAL
|c BD-DhAAL
|
| 110 |
2 |
|
|a International Monetary Fund.
|b African Dept.
|
| 245 |
1 |
4 |
|a The Gambia :
|b Second Review Under the Staff-Monitored Program.
|
| 264 |
|
1 |
|a Washington, D.C. :
|b International Monetary Fund,
|c 2018.
|
| 300 |
|
|
|a 1 online resource (90 pages)
|
| 490 |
1 |
|
|a IMF Staff Country Reports
|
| 500 |
|
|
|a <strong>Off-Campus Access:</strong> No User ID or Password Required
|
| 500 |
|
|
|a <strong>On-Campus Access:</strong> No User ID or Password Required
|
| 506 |
|
|
|a Electronic access restricted to authorized BRAC University faculty, staff and students
|
| 520 |
3 |
|
|a This paper discusses The Gambia's Second Review Under the Staff-Monitored Program (SMP). The program is broadly on track. All quantitative targets for end-December 2017 and end-March 2018 were met as were most of the structural benchmarks, with three of them needing to be re-phased and redefined. However, the continuous target on contracting new nonconcessional external debt was breached, owing to a USD 25 million loan. The IMF staff supports the completion of the second review under the SMP. The IMF staff also encourages the authorities to ensure macroeconomic stability and step up the pace of structural reforms to strengthen economic governance and tackle the legacy of debilitating public debt to pave the way for a possible Extended Credit Facility arrangement.
|
| 538 |
|
|
|a Mode of access: Internet
|
| 830 |
|
0 |
|a IMF Staff Country Reports; Country Report ;
|v No. 2018/197
|
| 856 |
4 |
0 |
|z Full text available on IMF
|u http://elibrary.imf.org/view/journals/002/2018/197/002.2018.issue-197-en.xml
|z IMF e-Library
|